स्त्रीत्ववादी विमर्श : (Record no. 119565)

MARC details
000 -LEADER
fixed length control field 01169nam a22002537a 4500
005 - DATE AND TIME OF LATEST TRANSACTION
control field 20170124103144.0
010 ## - LIBRARY OF CONGRESS CONTROL NUMBER
LC control number B-069835
020 ## - INTERNATIONAL STANDARD BOOK NUMBER
Terms of availability 195.00
International Standard Book Number 8126704500
035 ## - SYSTEM CONTROL NUMBER
System control number B-069835
037 ## - SOURCE OF ACQUISITION
Source of stock number/acquisition Cen Lib/Ret
040 ## - CATALOGING SOURCE
Original cataloging agency DPL
Language of cataloging HN
082 ## - DEWEY DECIMAL CLASSIFICATION NUMBER
Classification number 305.4
Item number शर्माक्ष
100 ## - MAIN ENTRY--PERSONAL NAME
Personal name शर्मा, क्षमा
9 (RLIN) 85594
245 ## - TITLE STATEMENT
Title स्त्रीत्ववादी विमर्श :
Statement of responsibility, etc क्षमा शर्मा
Remainder of title समाज और साहित्य /
246 ## - VARYING FORM OF TITLE
Title proper/short title Streetvvadi vimarsh : samaj aur sahitye /
Remainder of title by Shama Sharma
260 ## - PUBLICATION, DISTRIBUTION, ETC. (IMPRINT)
Name of publisher, distributor, etc राजकमल प्रकाशन
Date of publication, distribution, etc 2002
Place of publication, distribution, etc नई दिल्ली
270 ## - ADDRESS
Address 1-बी, नेताजी सुभाष मार्ग
City नई दिल्ली
Postal code 110002
300 ## - PHYSICAL DESCRIPTION
Extent 166पृ.
Dimensions 20सेमी(सजिल्द)
650 ## - SUBJECT ADDED ENTRY--TOPICAL TERM
Topical term or geographic name as entry element समाज -- स्त्री का सम्मान
9 (RLIN) 85595
650 ## - SUBJECT ADDED ENTRY--TOPICAL TERM
Topical term or geographic name as entry element पत्रकारिता में महिलाएँ
9 (RLIN) 85596
650 ## - SUBJECT ADDED ENTRY--TOPICAL TERM
Topical term or geographic name as entry element Society - respecting woman
9 (RLIN) 85597
650 ## - SUBJECT ADDED ENTRY--TOPICAL TERM
Topical term or geographic name as entry element Women in Journalism
9 (RLIN) 85598
942 ## - ADDED ENTRY ELEMENTS (KOHA)
Source of classification or shelving scheme Dewey Decimal Classification
Koha item type Hindi Books
Classification part 305.4
Call number suffix शर्माक्ष
Holdings
Withdrawn status Lost status Damaged status Not for loan Home library Current library Date acquired Source of acquisition Cost, normal purchase price Total Checkouts Full call number Barcode Date last seen Copy number Cost, replacement price Price effective from Koha item type
        Central Library Central Library 17/09/2015 Cen Lib/Ret 195.00   305.4 शर्माक्ष B-069835 17/09/2015 1 195.00 17/09/2015 Hindi Books

© Delhi Public Library
Hit Counter
free hit counter